000
00273 a2200109 4500
000
nam a22 7a 4500
020
_a
9781032600130
100
_a
Elangovan, Uthayan
_9
99
245
_a
Industry 5.0:The future of the Industrial economy
260
_b
CRC
_c
2022
264
_b
CRC
999
_c
35985
_d
35985